100 Meter Running World Record Holders - Statistics

General Stats
  • This quiz has been taken 1,178 times
    1,161 since last reset
  • The average score is 4 of 8
Answer Stats
year time country athlete % Correct
2009 9.58 JAM Usain Bolt
100%
1988 9.92 USA Carl Lewis
66%
2007 9.74 JAM Asafa Powell
63%
1996 9.84 CAN Donovan Bailey
40%
1999 9.79 USA Maurice Greene
38%
1983 9.93 USA Calvin Smith
21%
1994 9.85 USA Leroy Burrell
14%
1968 9.95 USA Jim Hines
13%
No matching quizzes found
Score Distribution
Percent of People with Each Score
Percentile by Number Answered
Your Score History
You have not taken this quiz since the last reset